| 000 | 00547nam a2200205 a 4500 | ||
|---|---|---|---|
| 001 | 2558 | ||
| 003 | CDMR | ||
| 005 | 20131119112257.0 | ||
| 008 | 130130s1964||||||||||||||||||||||||||||d | ||
| 040 |
_aCDMR _bcat _cCDMR |
||
| 100 | 1 |
_aSington, Derrick _91919 |
|
| 245 | 1 | 0 |
_aLibertad de expresión _cDerrick Sington |
| 260 |
_aMéxico _c1964 _bTrillas |
||
| 300 | _a150 p. | ||
| 490 | 0 | _aSentido Común | |
| 650 | 0 | 4 |
_93073 _aLlibertat d'expressió |
| 650 | 0 | 4 |
_94371 _aDelictes contra l'honor |
| 650 | 0 | 4 |
_9983 _aÈtica periodística |
| 942 |
_cMON _2udc |
||
| 999 |
_c2558 _d2558 |
||